000 00354nam a2200157Ia 4500
003 Ost
005 20260225132556.0
008 260225s9999||||xx |||||||||||||| ||und||
040 _cfsic
041 _afre
082 _a440
100 _aGuy Bedouelle
_eAuteur
245 0 _aDu spirituel dans le cinéma /
245 0 _cGuy Bedouelle
942 _cكتاب
999 _c34436
_d34436